书目信息 |
| 题名: |
商务英语应用文大全
|
|
| 作者: | 卡吉奥 , 王光林 著 | |
| 分册: | ||
| 出版信息: | 上海 东方出版中心 1998.08 |
|
| 页数: | 822页 | |
| 开本: | 32开 | |
| 丛书名: | ||
| 单 册: | ||
| 中图分类: | H319.4 | |
| 科图分类: | ||
| 主题词: | 英语 | |
| 电子资源: | ||
| ISBN: | 7-80627-165-1 | |
| 000 | 00595nam0 2200205 45 | |
| 001 | 0011151110 | |
| 005 | 20001115165309.5 | |
| 010 | @a7-80627-165-1@d40.00元 | |
| 100 | @a20001115d1998 km y0chiy0120 ea | |
| 101 | 0 | @achi |
| 105 | @a z 000yy | |
| 200 | 1 | @a商务英语应用文大全@AShang Wu Ying Yu Ying Yong WenDa Quan@f王光林等编著@FWang Guang Lin Deng Bian Zhu |
| 210 | @a上海@c东方出版中心@d1998.08 | |
| 215 | @a822页@d32开 | |
| 606 | 0 | @a英语 |
| 690 | @aH319.4@v3 | |
| 701 | 0 | @a卡吉奥@4著 |
| 701 | 0 | @a王光林@4编著 |
| 801 | @aCN@bPftUser@c20001115 | |
| 905 | @b407001-005@dH319.4@eW449@f5 | |
| 商务英语应用文大全/王光林等编著.-上海:东方出版中心,1998.08 |
| 822页;32开 |
| ISBN 7-80627-165-1:40.00元 |
| ● |
| 相关链接 |
|
|
|
正题名:商务英语应用文大全
索取号:H319.4/W449
 
预约/预借
| 序号 | 登录号 | 条形码 | 馆藏地/架位号 | 状态 | 备注 |
| 1 | 407001 | 204070012 | 语言库209/209语言库 49排3列3层/ [索取号:H319.4/W449] | 在馆 | |
| 2 | 407002 | 204070021 | 语言库209/209语言库 49排3列3层/ [索取号:H319.4/W449] | 在馆 | |
| 3 | 407003 | 204070030 | 语言库209/209语言库 49排3列3层/ [索取号:H319.4/W449] | 在馆 | |
| 4 | 407004 | 204070049 | 语言库209/209语言库 49排3列3层/ [索取号:H319.4/W449] | 在馆 | |
| 5 | 407005 | 204070058 | 语言库209/209语言库 49排3列3层/ [索取号:H319.4/W449] | 在馆 |